| 000 | 02528nam a22003137a 4500 | ||
|---|---|---|---|
| 001 | 8631 | ||
| 003 | FISKH | ||
| 005 | 20251007103708.0 | ||
| 008 | 251007b cb ||||| |||| 00| 0 eng d | ||
| 020 | _a9789996301704 | ||
| 040 |
_aFISKH _bkhr _cFISKH _dFISKH |
||
| 050 | _aPZ7 | ||
| 082 | _a895 | ||
| 100 | _aDawn, Dim | ||
| 245 |
_aខ្លាខ្លាចស្រមោល : _bA tiger afraid of shadows / _cនិពន្ធដោយ លោក ឌឹម ដន ,ត្រួទពិនិត្យដោយ អ្នកស្រី គឹមស៊ុន សុធារី , លោក ធី ចាន់ថន និង អ្នកនាង វ៉ាត ចរិយា |
||
| 260 |
_aPhnom Penh : _bReading Books , _c2012. |
||
| 300 |
_a20 pages : _bcolor illustrations ; _c25 cm . |
||
| 490 | _aពិភពរឿងនិទាន | ||
| 505 | _aK | ||
| 520 | _aរឿងនេះចង់ដាស់តឿនដល់ប្អូនៗកុមារក៏ដូចជាយុវជនជំនាន់ក្រោយអោយចេះពិនិត្យថ្លឺងថ្លែង ពិចារណាមុនពេលសម្រេចចិត្តធ្វើអ្វីមួយកុំឆាប់ខ្លាចរអា រី កំសាកឡើយ មុននឺងធ្វើកិច្ចការអ្វីមួយត្រូវតែពិនិត្យអោយបានច្បាស់លាស់កុំអោយមានភាពតក់ស្លុត និងត្រូវពង្រឹង ស្មារតីប្អូនៗអោយក្លាហានឡើង ដើម្បីបំបាត់ភាពភ័យខ្លាចអស់ទាំងនោះ ។ | ||
| 520 | _aThis story is aims to advise children as well as youths in the next generation to take things into consideration perior to their decision making, not to be easily afraid of things or not to be coward, and advise them that before a task, they have to take things into a clear account , don't have to be in shock, and have to build up their spirit in order for them to be brave and for them to overcome those scares . | ||
| 521 | 8 |
_a510
_bLexile estimate |
|
| 521 | 8 |
_aK
_bRaz-Plus |
|
| 650 |
_aខ្លាខ្លាចស្រមោល _vរឿងនិទានកុមារ |
||
| 650 |
_aA tiger afraid of shadows _vChildren's Stories |
||
| 700 |
_aSaren, Koam _eIllustrator |
||
| 942 |
_2ddc _cKHB _n0 |
||
| 999 |
_c8631 _d8631 |
||